| 000 | 00591nam a2200229Ia 4500 | ||
|---|---|---|---|
| 003 | OSt | ||
| 005 | 20250625092405.0 | ||
| 008 | 210423s2019 xx 000 0 und d | ||
| 020 | _a978-1-108-45674-6 | ||
| 040 | _cAL | ||
| 041 | _aeng | ||
| 082 |
_a001.42 _223 _bBEIR |
||
| 100 |
_aBernard C Beins _997128 |
||
| 245 | _aResearch methods: a tool for life Ed 4 | ||
| 250 | _a4 | ||
| 260 |
_aUK _bCambridge University Press _c2019 |
||
| 300 |
_axxii,514 _bPB |
||
| 365 |
_b6387.02 _cUSD |
||
| 650 |
_aResearch _997129 |
||
| 906 | _alife ; methods: ; Research ; tool | ||
| 942 |
_2ddc _cBK |
||
| 999 |
_c170796 _d170796 |
||